GENETIKA PARKINSONOVEJ CHOROBY

Bibliographic Details
Main Authors: Kollárová, Katarína (Author), Ressner, Pavel (Author), Kaňovský, Petr (Author)
Format: Article
Language:Slovak

MARC

LEADER 00000nab a2200000 a 4500
001 vtls011100049
003 SK-MaSNL
005 20260303115418.0
008 230127|2007 xo |||||||||||||||||slo|
015 |a SNBRB 
035 |a (uuid)50841dce-8c76-46ee-86be-66ac0e728feb 
035 |a (urnnbn)urn:nbn:sk:snk:ar-006n82 
035 |a urn:nbn:sk:snk-ab94y4 
040 |a SNKBUCL  |b slo  |c SNKBUCL  |e AACR2 
041 0 |a slo 
044 |a xo  |c SK 
100 1 |a Kollárová, Katarína  |4 aut  |9 411009 
245 1 0 |a GENETIKA PARKINSONOVEJ CHOROBY  |c Katarína Kollárová, Pavel Ressner, Petr Kaňovský 
700 1 |a Ressner, Pavel  |4 aut  |9 1130801 
700 1 |a Kaňovský, Petr  |4 aut  |9 817966 
773 0 |t Neurológia pre prax  |g Roč. 8, č. 6 (2007), s. 354-358 
954 |a odborná, vedecká literatúra pôvodná (slovenská)  |2 lita 
958 |a OND 
958 |a EUIPO 
958 |a article13 
999 |c 1903921  |d 1905851